| 000 | 00671nam a2200193 a 4500 | ||
|---|---|---|---|
| 003 | 0 | ||
| 005 | 20250211075445.0 | ||
| 008 | 130128s19uu xx 00 eng d | ||
| 050 |
_aPHS GV 1101 _b.T833 2012 |
||
| 100 | _aTrinidad, John Iric M. | ||
| 245 |
_aMartial arts and anger management / _cJohn Iric M. Trinidad. |
||
| 260 |
_aLas PiƱas City, Philippines : _bSouthville International School and Colleges, _c2012. |
||
| 300 |
_a26 pages : _billustrations ; _c28 cm. |
||
| 504 | _aIncludes bibliographical references. | ||
| 650 |
_aMartial arts _xInfluence. |
||
| 650 |
_aAnger management _xAnalysis. |
||
| 650 |
_aHigh school students _xAnalysis. |
||
| 942 |
_2lcc _cPASS |
||
| 999 |
_c98863 _d98863 |
||